000 01782nam0a2200385 4500
001 RU\NLR\bibl\1515061
005 20260406061938.0
010 _a978-5-91852-014-7
021 _aRU
_b2010-28810
_91939
035 _a(NLR Aleph) 001506444
090 _a52922
_c52922
100 _a20100323d2010 |||y0rusy50 ca
101 1 _arus
_cger
102 _aRU
105 _ay |||||||||
200 1 _aФридрих Барбаросса
_fФердинанд Опль
_g[пер. с нем. Ермаченко И.О., Некрасова М.Ю.]
210 _aСанкт-Петербург
_cЕвразия
_d2010
215 _a508, [1] с.
_d21
300 _aПер. изд.: Friedrich Barbarossa/Ferdinand Opll, Darmstadt, 1998
300 _aНа обороте тит. л. авт.: историк Ф. Опль
320 _aБиблиогр.: с. 387-412
320 _aБиблиогр. в примеч.: с. 414-478 (722 назв.)
320 _aУказ. имен собственных: с. 479-508
454 0 _12001#$aFriedrich Barbarossa$zeng
_1700#1$aOpll$bF.$gFerdinand$4070
_1210##$aDarmstadt$d1998
_tFriedrich Barbarossa
_aOpll, Ferdinand
600 0 _aФридрих I Барбаросса
_f1122 - 1190
_91886387
_3RU\NLR\AUTH\661147937
686 _aТ3(4Г)42-8
686 _aЦ35(0)42-424дФридрих I Барбаросса
700 1 _aОпль
_bФ.
_gФердинанд
_4070
702 0 _4570
_8rus
_7ca
_aФридрих
_cкороль германский, император Священной Римской империи
_dI Барбаросса
_fок.1125-1190
_3RU\NLR\AUTH\7712132
_9121863
801 0 _aRU
_bNLR
_c20100323
_gRCR
801 1 _aRU
_bNLR
_c20100323
942 _cBOOK
980 _aNB